000
00212nam a22000857a 4500
008
170210b xxu||||| |||| 00| 0 eng d
100
_9
2855
_a
Aggrwall.M.L
245
_a
Mathematics X T I
260
_a
New Delhi
_b
NAI
_c
2012
999
_c
6076
_d
6076